Procesos cognitivos en la deficiencia mental

Պահպանված է:
Մատենագիտական մանրամասներ
Հիմնական հեղինակ: Benedet, María Jesús (Հեղինակ)
Ձևաչափ: Գիրք
Լեզու:իսպաներեն
Հրապարակվել է: Madrid Pirámide 1991
Շարք:Colección Psicología
Խորագրեր:
Ցուցիչներ: Ավելացրեք ցուցիչ
Չկան պիտակներ, Եղեք առաջինը, ով նշում է այս գրառումը!

MARC

LEADER 00000nam a2200000 a 4500
001 UCW6611
003 CL-VaPUC
008 920413e19910000SP |||||||||||||||||spa|d
082 0 4 |a 157.8  |b BEN  |2 21 
100 0 |a Benedet, María Jesús  |e author  |9 311629 
245 1 0 |a Procesos cognitivos en la deficiencia mental 
300 |a 191 p 
942 |c BK 
945 |d 19920413 00:00:00 
260 |a Madrid  |b Pirámide  |c 1991 
650 7 |a RETARDO MENTAL  |2 CL-VaPUC  |9 309466 
650 7 |a RETRASADOS MENTALES  |2 CL-VaPUC  |9 307703 
583 |a last modification  |c 19920413 00:00:00  |k Rodrigo Vera 
490 0 |a Colección Psicología 
999 |c 219601  |d 219599 
952 |0 0  |1 0  |4 0  |6 157_800000000000000_BEN_1991  |7 0  |8 A  |9 210714  |a BIBEDU  |b BIBEDU  |d 2019-11-15  |i 2789191  |l 2  |o 157.8 BEN 1991  |p 2789191  |r 2023-07-06  |s 2023-07-06  |w 2019-11-15  |y BK  |k EDU